Представление документа в формате MARC21

Поле Инд. ПП Название Значение
Тип записи a
Библиографический уровень b
001 Контрольный номер UNIDUBNAccb336a8acfe4a00a61811686824b4d6
005 Дата корректировки 20260505233155.4
008 Кодируемые данные 20170331
040 b Код языка каталог. rus
e Правила каталог. PSBO
041 0_ a Код языка текста rus
084 a Индекс другой классификации/Индекс ББК 63.3(2)-3-37-453; 86.372.24
245 10 a Заглавие Суздаль без узды
b Продолж. заглавия [подборка статей]
500 a Примечание Тема номера: 1000 лет Суздалю
505 0_ a Форматированное содержание Колокольное имя Суздаля: В чем тайна города, 1000 лет восстававшего из пепла?
b Автор Труфанов И.
505 0_ a Форматированное содержание Несбывшаяся мечта Юрия Долгорукого: Князь грезил стольным градом Киевом, а восславил Суздаль
b Автор Труфанов И.
505 0_ a Форматированное содержание Дымов Отечества: Суздальский реформатор Вадим Дымов возвращает молодость 1000-летнему Суздалю
b Автор Дымов В. Г.
b Автор Ванденко А.
n Доп. информация запись беседы
505 0_ a Форматированное содержание Суздаль в титрах не значится...: А ведь улицы старинного города стали декорациями для великих кинофильмов
b Автор Труфанов И.
505 0_ a Форматированное содержание Дорога до Суздаля довела...: Жители крохотной деревни однажды решили, что дальше так ездить нельзя
b Автор Локалов А.
505 0_ a Форматированное содержание Почему со своим огурцом в Суздаль не ездят?: Легкие вопросы к весомой дате
b Автор Локалов А.
520 0_ a Аннотация За 1000-летнюю история на Суздаль обрушивалось немало бед. В подборке статей сделана попытка ответить на вопрос в чем тайна города, который всегда стремительно возрождался из пепла.
600 14 a Персоналии Владимир II Мономах
a Персоналии Дымов Вадим Георгиевич
a Персоналии Пожарский Дмитрий Михайлович
a Персоналии Юрий Долгорукий
a Персоналии Ярослав Мудрый
650 14 a Основная рубрика внутренняя политика
a Основная рубрика история
a Основная рубрика международные отношения
a Основная рубрика православие
a Основная рубрика религия
a Основная рубрика русская православная церковь
a Основная рубрика христианство
653 0_ a Ключевые слова "Андрей Рублев"
a Ключевые слова "Братья Карамазовы"
a Ключевые слова "Женитьба Бальзаминова"
a Ключевые слова "Мертвые души"
a Ключевые слова "Петр Великий"
a Ключевые слова "Царь"
a Ключевые слова X век
a Ключевые слова XI век
a Ключевые слова XII век
a Ключевые слова XIII век
a Ключевые слова XIX век
a Ключевые слова XVII век
a Ключевые слова XVIII век
a Ключевые слова XX век
a Ключевые слова Владимиро-Суздальская земля
a Ключевые слова древнерусское государство
a Ключевые слова зодчество
a Ключевые слова искусство
a Ключевые слова князья
a Ключевые слова предпринимательство
a Ключевые слова Россия
a Ключевые слова Ростово-Суздальское княжество
a Ключевые слова Смутное время
a Ключевые слова советский период
a Ключевые слова Спасо-Евфимиев монастырь
a Ключевые слова Список Всемирного наследия ЮНЕСКО
a Ключевые слова СССР
a Ключевые слова Суздаль
a Ключевые слова туризм
a Ключевые слова художественное кино
773 08 t Заглавие источника Родина
d Дата издания источника 2024
g Прочая информация № 8. - С. 4 - 39 : фот., ил.
w Контрольный № источника UNIDUBNAa7dd3ad783374ef8a5c5be4cd6a7b324
901 t Тип документа b